00674nam a2200229 a 4500001001300000003000900013005001700022008004100039020000900080082001700089100002600106245006000132260003500192300000900227500003500236505002400271650002300295902000800318942000700326952009600333999001500429nice12345678IN_TiNIC20260116011934.0050524s1981 newa grp 000 0 eng  ac7000a181.07bRAZ3 aRazi Al, Fakhr Al Din aIlm-Al-Akhlaq, Kitab Al-Nafs Wa`l Ruh Wa Sharh Quwahuma aNew DelhibKitab Bhavan c1981 a334p aincludes index and biblioraphy2 aBibliography, Index aPhilosophy-Islamic bSRS cBK 00104070aHMIbHMId2007-03-16g70.00l0o181.07 RAZ3p09907r2007-03-16w2026-01-16yEB c4981d4981